Hotelierstvo a gastronómia sa menia. Dočasne či trvalo?

V marci 2022 prešli dva roky lockdownov a obmedzení, zasahujúcich hotelierstvo i gastronómiu. Dôsledky pandémie na brandžu hotelierstva a gastronómie. Prechodná zmena hotelierstva a gastronómie na niekoľko mesiacov, alebo trvalá zmena.

Guardado en:
Detalles Bibliográficos
Autor principal: Ullerová, Natália
Otros Autores: Lisá, Lea
Formato: Capítulo de libro
Lenguaje:eslovaco
Materias:
Etiquetas: Agregar Etiqueta
Sin Etiquetas, Sea el primero en etiquetar este registro!

MARC

LEADER 00000naa a2200000 4500
001 0283312
005 20240417075202.6
041 0 |a slo 
044 |a SK 
245 1 0 |a Hotelierstvo a gastronómia sa menia. Dočasne či trvalo?  |c Natália Ullerová, Lea Lisá 
520 |a V marci 2022 prešli dva roky lockdownov a obmedzení, zasahujúcich hotelierstvo i gastronómiu. Dôsledky pandémie na brandžu hotelierstva a gastronómie. Prechodná zmena hotelierstva a gastronómie na niekoľko mesiacov, alebo trvalá zmena. 
610 2 0 |a gastronómia 
610 2 0 |a hotelierstvo 
610 2 0 |a pandémia 
610 2 0 |a koronavírus 
610 2 0 |a koronakríza 
610 2 0 |a zmennosť 
610 2 0 |a ceny 
610 2 0 |a kvalita 
100 1 |a Ullerová, Natália 
700 1 |a Lisá, Lea